000 00480nam a2200169Ia 4500
001 62780
008 180518n ii |||gr||||Z||||||465
020 _a0-03-014329-2
082 _a363.7
100 _aRaven, Peter H,
_eAuthor.
245 0 _aEnvironment
_cPeter H.Raven,Linda R.Berg, George B.Johnson
_hTextual Documents
260 _aNewYork:
_bSaunders College Publishing.
300 _a569p:
_c24cm.
653 _aEnvironment
653 _aEco - General Sec
942 _2ddc
_cBK
999 _c63887
_d63887